[Event "Remote email"]
[Site "Remote email"]
[Date "2013.04.13"]
[Round "?"]
[White "Moritz, Sven"]
[Black "Kaeser, Werner"]
[Result "0-1"]
[WhiteElo "1912"]
[BlackElo "1820"]
[PlyCount "48"]
[EventDate "2013.??.??"]
[EventType "tourn (corr)"]
[EventRounds "6"]
[EventCountry "GER"]
[SourceTitle "Corr 2015"]
[Source "ChessBase"]
[SourceDate "2015.07.17"]
[SourceVersion "1"]
[SourceVersionDate "2015.07.17"]
[SourceQuality "1"]

1. d4 Nf6 2. c4 Nc6 3. Nf3 e6 4. Nc3 Bb4 5. e3 d5 6. Bd3 dxc4 7. Bxc4 0-0 8. 0-0 Bd7 9. a3 Bd6 10. e4 e5 11. d5 Na5 12. Ba2 b6 13. b4 Nb7 14. Bg5 a5 15. Qb3 h6 16. Bxf6 Qxf6 17. Rac1 axb4 18. axb4 Be7 19. Ne1 Nd6 20. Nd3 Nb5 21. Nxb5 Bxb5 22. Rfd1 Ba4 23. Qc4 b5 24. Qc3 Bxd1 0-1